Joueurs espagnols ayant joué à Arsenal - Statistiques

Statistiques générales
  • Ce quiz a été pris 37 fois
  • Le résultat moyen est 8 sur 21
Statistiques - réponses
Année d'arrivée Année de départ Club précédant Club suivant Nombre de match Joueurs % Correct
2003 2011 Arsenal FC U18 FC Barcelone 303 Cesc Fàbregas
80%
2025 En cours Real Sociedad En cours 55 Martín Zubimendi
80%
2023 En cours FC Brentford En cours 146 David Raya
74%
2011 2016 FC Everton Fin de carrière 150 Mikel Arteta
69%
2024 En cours Real Sociedad En cours 77 Mikel Merino
69%
2012 2018 Málaga CF VIllarreal CF 180 Santi Cazorla
66%
2025 En cours FC Valence En cours 33 Cristhian Mosquera
57%
2013 2022 Arsenal FC U21 FC Barcelone 240 Héctor Bellerín
51%
2019 2021 Real Madrid Real Madrid 77 Dani Ceballos
43%
2013 2019 Málaga CF Real Sociedad 251 Nacho Monreal
37%
2025 En cours Chelsea FC En cours 11 Kepa Arrizabalaga
31%
2020 2023 CR Flamengo AC Monza 22 Pablo Marí
31%
2019 2019 FC Barcelone FC Barcelone 6 Denis Suárez
29%
2004 2007 Séville FC Atlético de Madrid 110 José Antonio Reyes
29%
2016 2018 Deportivo la Corogne West Ham United 21 Lucas Pérez
17%
2004 2012 Celta Vigo Watford FC 175 Manuel Almunia
11%
2014 2017 Arsenal FC U23 Hull City 0 Jon Toral
6%
2016 2019 Arsenal FC U23 FC Twente 1 Julio Pleguezuelo
6%
2007 2010 Arsenal FC U18 Atlético de Madrid 16 Fran Mérida
3%
2011 2014 Arsenal FC U21 Norwich City 14 Ignasi Miquel
3%
1905 1905 Racing FC Crystal Palace - Nicasio Goitisolo
0%
Aucun quiz correspondant
Distribution des résultats
% des personnes avec chaque résultat
Percentile par nombre de réponses
Votre historique - résultats
Vous n’avez pas pris ce quiz